El perdon y sus limites en situaciones de violencia politica : (Registro nro. 6209)

Detalles MARC
000 -CABECERA
campo de control de longitud fija 00651nam a2200181 4500
003 - IDENTIFICADOR DEL NÚMERO DE CONTROL
campo de control AR-RoIUNI
005 - FECHA Y HORA DE LA ÚLTIMA TRANSACCIÓN
campo de control 20250821135216.0
008 - DATOS DE LONGITUD FIJA--INFORMACIÓN GENERAL
campo de control de longitud fija 250821b |||||||| |||| 00| 0 spa d
040 ## - FUENTE DE LA CATALOGACIÓN
Centro/agencia transcriptor
080 ## - NÚMERO DE LA CLASIFICACIÓN DECIMAL UNIVERSAL
Número de la Clasificación Decimal Universal 159.9
100 ## - ENTRADA PRINCIPAL--NOMBRE DE PERSONA
Nombre de persona Hasrun, María Virginia
245 ## - MENCIÓN DE TÍTULO
Título El perdon y sus limites en situaciones de violencia politica :
Resto del título un estudio psicoanalítico de autobiografia Los Rendidos. Sobre el don de perdonar de José C. Aguero desde una perspectiva etica
Mención de responsabilidad, etc. Hasrun, María Virginia
260 ## - PUBLICACIÓN, DISTRIBUCIÓN, ETC. (PIE DE IMPRENTA)
Lugar de publicación, distribución, etc. ROSARIO
Nombre del editor, distribuidor, etc. IUNIR
Fecha de publicación, distribución, etc. 2025
650 ## - PUNTO DE ACCESO ADICIONAL DE MATERIA--TÉRMINO DE MATERIA
Término de materia o nombre geográfico como elemento inicial Psicologia
9 (RLIN) 108
650 ## - PUNTO DE ACCESO ADICIONAL DE MATERIA--TÉRMINO DE MATERIA
Término de materia o nombre geográfico como elemento inicial Violencia politica
700 ## - PUNTO DE ACCESO ADICIONAL--NOMBRE DE PERSONA
Nombre de persona Hasrun, María Virginia
942 ## - ELEMENTOS DE PUNTO DE ACCESO ADICIONAL (KOHA)
Fuente del sistema de clasificación o colocación Clasificación Decimal Universal
Tipo de ítem Koha TIFO
Existencias
Estado de retiro Estado de pérdida Fuente del sistema de clasificación o colocación Estado dañado Restricciones de uso Excepción de préstamo Código de colección Localización permanente Ubicación/localización actual Ubicación en estantería Fecha de adquisición Fuente de adquisición Número de inventario Total de préstamos Signatura topográfica completa Código de barras Fecha visto por última vez Precio válido a partir de Tipo de ítem Koha
    Clasificación Decimal Universal   Consulta en biblioteca No sale TIFO BIBLIOTECA RIOBAMBA BIBLIOTECA RIOBAMBA BIBLIOTECA RIOBAMBA 21/08/2025 Donación 8957   159.9 HAS 8957 21/08/2025 21/08/2025 TIFO